Logo BPK

Bibliografia Prac Pracowników

Politechniki Koszalińskiej

Warstwy azotku tytanu otrzymywane zmodyfikowaną metodą reaktywnego stałoprądowego rozpylania magnetronowego / (Rekord nr 9414)

Szczegóły MARC
000 -ETYKIETA REKORDU
podpole kontrolne o stałej długości 00890naa a2200169 i 4500
001 - NUMER KONTROLNY REKORDU
podpole kontrolne 9414
003 - IDENTYFIKATOR NUMERU KONTROLNEGO REKORDU
podpole kontrolne KOSZ 005
005 - DATA OSTATNIEJ MODYFIKACJI REKORDU
podpole kontrolne 20180328103855.0
008 - POLE O STAŁEJ DŁUGOŚCI - DANE KONTROLNE
podpole kontrolne o stałej długości 140512s1988 pl f |100 0 pol
040 ## - ŹRÓDŁO KATALOGOWANIA
Instytucja, która utworzyła rekord BPK
Instytucja, która dokonała modyfikacji KOSZ 005/EG
100 1# - NAZWA OSOBOWA
Nazwa osobowa STAŚKIEWICZ, Jan.
Lata pracy 1973 - 1996.
Instytucja Wyższa Szkoła Inżynierska w Koszalinie - Wydział Mechaniczny,
Wydział Zakład Fizyki Ciała Stałego
245 10 - TYTUŁ/ODPOWIEDZIALNOŚĆ
Tytuł Warstwy azotku tytanu otrzymywane zmodyfikowaną metodą reaktywnego stałoprądowego rozpylania magnetronowego /
Pozostałe elementy strefy tytułu i oznaczenia odpowiedzialności J. Staśkiewicz, A. Czyżniewski.
655 #0 - TERMIN INDEKSOWY - OKREŚLENIE RODZAJU/FORMY DOKUMENTU
Określnie rodzaju/formy dokumentu Materiały konferencyjne.
700 1# - HASŁO DODATKOWE - NAZWA OSOBOWA
Nazwa osobowa CZYŻNIEWSKI, Andrzej.
Instytucja Wyższa Szkoła Inżynierska w Koszalinie - Wydział Mechaniczny,
Wydział Zakład Fizyki
Lata pracy 1975 - 1996.
773 0# - TYTUŁ DOKUMENTU MACIERZYSTEGO
Wyrażenie wprowadzające W :
Tytuł Materiały Konferencji Naukowo-Technicznej : „Techniki wytwarzania warstw powierzchniowych metali". -
Adres wydawniczy Rzeszów, 1988. -
Informacje dotyczące relacji s. 99-103
942 ## - HASŁO DODATKOWE - ELEMENTY(KOHA)
Typ dokumentu Rozdział
Schemat klasyfikacji Uniwersalna klasyfikacja dziesiętna

Brak dostępnych egzemplarzy.

© 2014 Biblioteka Politechniki Koszalińskiej :: BIBLIOGRAFIA PRAC PRACOWNIKÓW